Historia de la cultura : cuarto curso

Gespeichert in:
Bibliographische Detailangaben
1. Verfasser: Pérez-Bustamante, Ciriaco (1896-1975).
Format: Buch
Sprache:Spanisch
Erschienen: Madrid : Atlas, 1944
Ausgabe:3ª ed. corr.
Katalog:MANES:  Suchergebnis im Bibliothekskatalog
Schulbuchspezifische Eigenschaften:
Tags: Tag hinzufügen
Keine Tags, Fügen Sie den ersten Tag hinzu!
Hinzugefügt zu:29.11.1999
Geändert in:07.05.2025

MARC

LEADER 00000cam a2200000#i 4500
005 20250507134450.0
008 000000s1944 esp c 000 0 spa d
040 |a uned  |b spa  |c entro-manes 
100 1 |a Pérez-Bustamante, Ciriaco  |d (1896-1975).  |9 36492 
245 1 0 |a Historia de la cultura :   |b cuarto curso /   |c C. Pérez Bustamante 
250 |a 3ª ed. corr. 
260 |a Madrid :   |b Atlas,   |c 1944 
300 |a 258 p. 
546 |a España 
561 |5 es-BUNED  |3 L.T. 1959  |a España. Fondo Manes UNED  |k MANES 
690 0 |a HI 
942 |2 ddc  |c BK 
999 |c 95082  |d 95082 
999 |c manes:95082  |d 95082